Needle In a Haystack - Sudden Death - Statistics

General Stats
  • This quiz has been taken 260 times
  • The average score is 7 of 8
Answers on the Grid
Answers color-coded by a green-red scale on the quiz's grid according to % correct below.
 
Answer Stats
Answer % Correct
85%
83%
83%
82%
82%
82%
81%
81%
No matching quizzes found
Score Distribution
Percent of People with Each Score
Percentile by Number Answered
Your Score History
You have not taken this quiz